000 01201nam0a22002771 4500
001 rc\644418
005 20031121164826.7
035 _a(NLR Aleph) 005885281
090 _a6120501
_c6120501
100 _a20031121d1986 u |0rusy50 ca
101 0 _arus
102 _aRU
105 _aa |||||||||
200 1 _aПрогноз и предотвращение выбросов пород и газа
_f[В.Н. Потураев, А.Н. Зорин, В.Е. Забигайло и др.]
_gПод ред. В.Н. Потураева
_gАН УССР, Ин-т геотехн. механики
210 _aКиев
_cНаукова думка
_d1986
215 _a158, [1] с.
_cил.
_d23
225 1 _aНаука и технический прогресс
300 _aАвт. указаны на обороте тит. л.
320 _aБиблиогр.: с. 153-157 (98 назв.)
701 1 _aПотураев
_bВ. Н.
_gВалентин Никитич
712 0 2 _aИнститут геотехнической механики
_cДнепропетровск
_3RU\NLR\AUTH\8810005030
801 0 _aRU
_bNLR
_gpsbo
801 1 _aRU
_bELAR
_2rusmarc
852 _aNLR
_j86-5/2401
942 _cBOOK
980 _aNB